Elecciones 2002: lo que piensan los candidatos presidenciales /

সংরক্ষণ করুন:
গ্রন্থ-পঞ্জীর বিবরন
প্রধান লেখক: Carrillo Delgado, María de los Angeles
সংস্থা লেখক: Universidad de Costa Rica, Universidad Nacional, Grupo Reloj
অন্যান্য লেখক: Calderón Solano, Odalía, Durán Hidalgo, ELbert, Sandoval Carvajal, Irma, Guzmán-Stein, Miguel, Guzmán León, Juany María
বিন্যাস: অজ্ঞাত
প্রকাশিত: Heredia: Editorial Fundación UNA
বিষয়গুলি:
ট্যাগগুলো: ট্যাগ যুক্ত করুন
কোনো ট্যাগ নেই, প্রথমজন হিসাবে ট্যাগ করুন!

MARC

LEADER 00000 a2200000 04500
001 26996
003
008 991231s d
040
020 |a 9968-14-088-0  
022 |a 9968-14-088-0  
090 |a 183400  
100 |a Carrillo Delgado, María de los Angeles  
110 |a Universidad de Costa Rica  
245 |a Elecciones 2002: lo que piensan los candidatos presidenciales /  |c Universidad de Costa Rica  
260 |a Heredia:   |b Editorial Fundación UNA  
300 |a 197 p.  
650 |a ELECCIONES  
650 |a POLITICOS  
650 |a PARTIDOS POLITICOS  
650 |a IDEOLOGIAS POLITICAS  
650 |a ENTREVISTAS  
700 |a   
700 |a Calderón Solano, Odalía  
700 |a   
700 |a Durán Hidalgo, ELbert  
700 |a   
700 |a Sandoval Carvajal, Irma  
700 |a   
700 |a Guzmán-Stein, Miguel  
700 |a   
700 |a Guzmán León, Juany María  
700 |a   
710 |a Universidad Nacional  
710 |a Grupo Reloj  
999 |c 15116  |d 15116